Вопросы лексикологии и стилистики германских и романских языков / (Record no. 21605)
[ view plain ]
| 000 -LEADER | |
|---|---|
| fixed length control field | 01030nam a2200229 a 4500 |
| 001 - CONTROL NUMBER | |
| control field | 000071649 |
| 003 - CONTROL NUMBER IDENTIFIER | |
| control field | AM-YEHGA |
| 005 - DATE AND TIME OF LATEST TRANSACTION | |
| control field | 20250617121714.0 |
| 008 - FIXED-LENGTH DATA ELEMENTS--GENERAL INFORMATION | |
| fixed length control field | 000329s1973 ru ||||| |||| 00| 0 rus d |
| 040 ## - CATALOGING SOURCE | |
| Original cataloging agency | AM-YeHGA |
| 041 0# - LANGUAGE CODE | |
| Language code of text/sound track or separate title | rus |
| 090 ## - LOCALLY ASSIGNED LC-TYPE CALL NUMBER (OCLC); LOCAL CALL NUMBER (RLIN) | |
| -- | 21828 |
| 245 00 - TITLE STATEMENT | |
| Title | Вопросы лексикологии и стилистики германских и романских языков / |
| Statement of responsibility, etc. | М-во просвещения РСФСР. Иркутский гос. пед. ин-т. Иркутский гос. ин-т иностранных языков ; Ред. колл.: О. Е. Денисов (отв. ред.) и др. |
| 260 ## - PUBLICATION, DISTRIBUTION, ETC. | |
| Place of publication, distribution, etc. | Иркутск : |
| Name of publisher, distributor, etc. | Б. и., |
| Date of publication, distribution, etc. | 1973. |
| 300 ## - PHYSICAL DESCRIPTION | |
| Extent | выпуск |
| 505 10 - FORMATTED CONTENTS NOTE | |
| Miscellaneous information | Вып. 2 (1973, 69 с.) |
| 650 #4 - SUBJECT ADDED ENTRY--TOPICAL TERM | |
| Topical term or geographic name entry element | Лексикология |
| 650 14 - SUBJECT ADDED ENTRY--TOPICAL TERM | |
| Topical term or geographic name entry element | Романо-германские языки |
| 700 10 - ADDED ENTRY--PERSONAL NAME | |
| Personal name | Денисова, О. Е. |
| Relator term | ред. |
| Relationship | edt |
| 710 2# - ADDED ENTRY--CORPORATE NAME | |
| Corporate name or jurisdiction name as entry element | Иркутский государственный педагогический институт |
| 942 ## - ADDED ENTRY ELEMENTS (KOHA) | |
| Source of classification or shelving scheme | Universal Decimal Classification |
| Koha item type | Գրքեր / Books |
| Withdrawn status | Lost status | Source of classification or shelving scheme | Damaged status | Not for loan | Collection | Home library | Current library | Date acquired | Serial enumeration / chronology | Total checkouts | Full call number | Barcode | Date last seen | Price effective from | Koha item type | Public note |
|---|---|---|---|---|---|---|---|---|---|---|---|---|---|---|---|---|
| Universal Decimal Classification | General | Fundamental Scientific Library | Fundamental Scientific Library | 21/12/2016 | Вып. 2 | PII/323301 | FL0250721 | 21/12/2016 | 21/12/2016 | Գրքեր / Books | 30 Days Loan |
ՀՀ Գիտությունների ազգային ակադեմիայի հիմնարար գիտական գրադարան = Fundamental Scientific Library of NAS RA
All site content, except where otherwise noted, is licensed under a